-
DHANAWAT, DR. MEENAKSHI, MEHTA, DR.RENA DAS , MEHTA, DR. DINESH KUMAR AND SAINI, DR. VIPIN
Entry Personal Name
Number of records used in: 1
001 - CONTROL NUMBER
003 - CONTROL NUMBER IDENTIFIER
005 - DATE AND TIME OF LATEST TRANSACTION
- control field:
20240125114743.0
008 - FIXED-LENGTH DATA ELEMENTS
- fixed length control field:
240125|| aca||aabn | a|a d
040 ## - CATALOGING SOURCE
- Original cataloging agency:
JRU
- Transcribing agency:
JRU
100 ## - HEADING--PERSONAL NAME
- Personal name:
DHANAWAT, DR. MEENAKSHI, MEHTA, DR.RENA DAS , MEHTA, DR. DINESH KUMAR AND SAINI, DR. VIPIN
670 ## - SOURCE DATA FOUND
- Source citation:
Work cat.: (JRU)6287: DHANAWAT, DR. MEENAKSHI, MEHTA, DR.RENA DAS , MEHTA, DR. DINESH KUMAR AND SAINI, DR. VIPIN, PHARMACEUTICAL INORGANIC CHEMISTRY, 2018